000 00788nam a2200265 a 4500
008
020 _a0435453165 (pbk. )
049 _aMAIN
090 _aHF5548.5
_bNEE
100 1 _aNeedham, Dave
245 1 0 _aHeinemann AVCE Advanced business /
_cDave Needham and Rob Dransfield
260 _aOxford :
_bHeineman Educational Publishers,
_c2000.
300 _axiii, 674p. :
_bill. ;
_c30 cm.
500 _aIncludes index.
500 _aFor the 2000 standards.
500 _aFormerly Advanced GNVQ.
650 _aManagement
_xbusiness.
650 0 _aBusiness studies
700 _aDransfield, Rob.
907 _a.b10235280
_b20-02-13
_c01-03-07
003
005 20230123134412.0
040 _cNUST
942 _cBOOKS
_kHF5548.5
_mNEE
999 _c165296
_d165296